000 00526nam a2200157 a 4500
001 000037187
005 20200930080208.0
008 120224s1986 ck c 000 0 spa d
040 _aDO-SdBNP
_bspa
_cBNPHU
082 _axxx
_bH565r
100 1 _aHerrera Campins, Luis
_918065
245 1 0 _aReflexiones sobre el porvenir /
_cLuis Herrera Campins ; presentación Juan Santamaria.
260 _aCaracas, Venezuela :
_bServicio Grafico Editorial,
_c1986.
300 _a58 p. :
_bretrs. ;
_c22 cm.
700 1 _aSantamaria, Juan
_963597
999 _c36677
_d36677